[Event "1. Bl. 0607"]
[Site "?"]
[Date "2007.01.21"]
[Round "7.4"]
[White "Kindermann, Stefan"]
[Black "Tratar, Marko"]
[Result "1/2-1/2"]
[WhiteElo "2532"]
[BlackElo "2478"]
[PlyCount "44"]
[EventDate "2006.11.03"]
[EventType "team"]
[EventRounds "11"]
[EventCountry "AUT"]
[WhiteTeam "SpG Holz Dohr   Semriach"]
[BlackTeam "SK KlZtg MPOe Maria Saal"]

1. e4 e6 2. d4 d5 3. Nc3 dxe4 4. Nxe4 Nd7 5. Nf3 Ngf6 6. Nxf6+ Nxf6 7. Bg5 h6
8. Bxf6 Qxf6 9. Bb5+ c6 10. Bd3 Bd6 11. Qe2 Bd7 12. O-O-O O-O-O 13. Kb1 Kb8 14.
Ne5 c5 15. Nxd7+ Rxd7 16. Bb5 Rc7 17. dxc5 Bxc5 18. f3 a6 19. Ba4 Rd8 20. Rxd8+
Qxd8 21. c3 Qh4 22. Bc2 Qf2 1/2-1/2

[Event "1. Bl. 0607"]
[Site "?"]
[Date "2007.01.21"]
[Round "7.6"]
[White "Karner, Christoph"]
[Black "Hoelzl, Franz"]
[Result "1/2-1/2"]
[WhiteElo "2319"]
[BlackElo "2353"]
[PlyCount "74"]
[EventDate "2006.11.03"]
[EventType "team"]
[EventRounds "11"]
[EventCountry "AUT"]
[WhiteTeam "SpG Holz Dohr   Semriach"]
[BlackTeam "SK KlZtg MPOe Maria Saal"]

1. d4 d5 2. c4 dxc4 3. Nf3 Nf6 4. Nc3 e6 5. e4 Bb4 6. Bg5 c5 7. e5 cxd4 8. exf6
gxf6 9. Nxd4 Bxc3+ 10. bxc3 fxg5 11. Bxc4 Nc6 12. O-O Bd7 13. Re1 O-O 14. Qh5
Qf6 15. Bd3 h6 16. h4 Qg7 17. Re3 Nxd4 18. cxd4 g4 19. Rae1 Rac8 20. Qa5 Qxd4
21. Rd1 Qb2 22. Be2 Rc1 23. Bxg4 Rfc8 24. Ree1 Rxd1 25. Rxd1 Rc4 26. Bf3 Bc6
27. Bxc6 bxc6 28. Qxa7 Rc1 29. Rxc1 Qxc1+ 30. Kh2 c5 31. Qb8+ Kh7 32. a4 Qd2
33. f3 Qd4 34. Qc7 Qxh4+ 35. Kg1 Qd4+ 36. Kh2 Kg6 37. a5 Qh4+ 1/2-1/2

[Event "1. Bl. 0607"]
[Site "?"]
[Date "2007.01.21"]
[Round "7.1"]
[White "Atlas, Valeri"]
[Black "Kritz, Leonid"]
[Result "1/2-1/2"]
[WhiteElo "2488"]
[BlackElo "2597"]
[PlyCount "88"]
[EventDate "2006.11.03"]
[EventType "team"]
[EventRounds "11"]
[EventCountry "AUT"]
[WhiteTeam "SK Hohenems"]
[BlackTeam "SK Sparkasse Jenbach"]

1. e4 e5 2. Nf3 Nc6 3. Bc4 Nf6 4. d3 h6 5. O-O d6 6. Re1 g6 7. d4 Qe7 8. Nc3
Bg7 9. Nd5 Qd8 10. dxe5 Nxe5 11. Nxe5 dxe5 12. b3 Nxd5 13. exd5 O-O 14. Bb2 Re8
15. Qd2 Bf5 16. Re2 Qd6 17. Rae1 Rad8 18. Qc1 a6 19. a4 Bd7 20. a5 Bb5 21. Bxb5
axb5 22. c4 Qc5 23. Qe3 Qb4 24. Qc3 Qc5 25. Qe3 Qb4 26. Qc3 Qc5 27. h4 bxc4 28.
bxc4 Ra8 29. h5 gxh5 30. Rxe5 Bxe5 31. Rxe5 f6 32. Rf5 Ra6 33. Qg3+ Kh7 34.
Bxf6 Rg8 35. Qd3 Rg6 36. Bb2 Qe7 37. Qc3 Ra8 38. Qf3 Kg8 39. Qxh5 Qh7 40. Qf3
Rg5 41. Rxg5+ hxg5 42. Qf6 Qb1+ 43. Kh2 Qh7+ 44. Kg1 Qb1+ 1/2-1/2

[Event "1. Bl. 0607"]
[Site "?"]
[Date "2007.01.21"]
[Round "7.2"]
[White "Schlosser, Philipp"]
[Black "Naumann, Alexander"]
[Result "1/2-1/2"]
[WhiteElo "2562"]
[BlackElo "2549"]
[PlyCount "109"]
[EventDate "2006.11.03"]
[EventType "team"]
[EventRounds "11"]
[EventCountry "AUT"]
[WhiteTeam "SK Sparkasse Jenbach"]
[BlackTeam "SK Hohenems"]

1. c4 Nf6 2. Nc3 e5 3. Nf3 Nc6 4. g3 Nd4 5. Bg2 Nxf3+ 6. Bxf3 c6 7. d4 d6 8.
Bg2 Be7 9. O-O O-O 10. b3 Bf5 11. e4 Bd7 12. Bb2 Qc8 13. Ne2 Qc7 14. Qd2 Rfe8
15. Kh1 Bg4 16. f3 Bh5 17. Rad1 a5 18. Nc3 Rad8 19. Rc1 Nd7 20. Na4 Bf6 21. d5
Nc5 22. Nxc5 dxc5 23. Bc3 b6 24. f4 Qd6 25. Rce1 h6 26. Qb2 Bg6 27. Bf3 b5 28.
Qe2 b4 29. Bb2 a4 30. f5 Bh7 31. h4 Ra8 32. Bc1 Ra5 33. Be3 Rea8 34. Rc1 axb3
35. axb3 Ra3 36. Qd3 Be7 37. Kg2 Kf8 38. Rf2 Bg8 39. Rb2 f6 40. Bh5 Bf7 41. Qe2
Bxh5 42. Qxh5 Ra2 43. Qe2 Rxb2 44. Qxb2 Ra3 45. Kf3 cxd5 46. cxd5 Qa6 47. Qc2
Ra2 48. Qc4 Qxc4 49. Rxc4 Rb2 50. Bxc5 Bxc5 51. Rxc5 Rxb3+ 52. Kf2 Rb2+ 53. Ke3
Rb3+ 54. Kf2 Rb2+ 55. Ke3 1/2-1/2

[Event "1. Bl. 0607"]
[Site "?"]
[Date "2007.01.21"]
[Round "7.3"]
[White "Bezold, Michael"]
[Black "Lehner, Oliver"]
[Result "1-0"]
[WhiteElo "2534"]
[BlackElo "2415"]
[PlyCount "117"]
[EventDate "2006.11.03"]
[EventType "team"]
[EventRounds "11"]
[EventCountry "AUT"]
[WhiteTeam "SK Hohenems"]
[BlackTeam "SK Sparkasse Jenbach"]

1. e4 e5 2. Nf3 Nc6 3. Bb5 Nf6 4. d3 Ne7 5. d4 Nxe4 6. dxe5 a6 7. Bd3 Nc5 8.
Be3 d6 9. Bc4 d5 10. Bxc5 dxc4 11. Qxd8+ Kxd8 12. Nc3 Be6 13. O-O-O+ Ke8 14.
Rhe1 Rd8 15. Rxd8+ Kxd8 16. Nd4 Ng6 17. Bxf8 Rxf8 18. g3 Bd7 19. f4 c5 20. Nf3
Bc6 21. Ng5 h6 22. Nge4 Bxe4 23. Rxe4 Ne7 24. Rxc4 b6 25. b4 cxb4 26. Rxb4 Kc7
27. Ra4 Ra8 28. Rd4 Rc8 29. Ne4 Nc6 30. Rd3 Rf8 31. Nc3 Ne7 32. Nd5+ Nxd5 33.
Rxd5 Kc6 34. Rd6+ Kc5 35. Rd7 Kc6 36. Rd6+ Kc5 37. Rd7 Kc6 38. e6 fxe6 39. Rxg7
Rf6 40. Kd2 Kd6 41. Ke3 e5 42. f5 Rxf5 43. Rg6+ Kd5 44. Rxb6 e4 45. Rxa6 Rf3+
46. Ke2 h5 47. Ra5+ Kd4 48. Ra4+ Kd5 49. Ra5+ Kd4 50. Rxh5 Ra3 51. Rh8 Rxa2 52.
Rd8+ Ke5 53. Rc8 Ra1 54. c3 Rh1 55. Rc5+ Kf6 56. h4 Rg1 57. Rg5 Rc1 58. Ke3
Re1+ 59. Kf4 1-0

[Event "1. Bl. 0607"]
[Site "?"]
[Date "2007.01.21"]
[Round "7.6"]
[White "Kleissl, Helmut"]
[Black "Atlas, Dimitry"]
[Result "0-1"]
[WhiteElo "2311"]
[BlackElo "2286"]
[PlyCount "71"]
[EventDate "2006.11.03"]
[EventType "team"]
[EventRounds "11"]
[EventCountry "AUT"]
[WhiteTeam "SK Sparkasse Jenbach"]
[BlackTeam "SK Hohenems"]

1. Nf3 d5 2. d4 e6 3. c4 c6 4. Qc2 Nf6 5. Bg5 Nbd7 6. e3 Bd6 7. Nc3 Qa5 8. Bxf6
Nxf6 9. Rd1 O-O 10. a3 Ne4 11. Bd3 f5 12. Nd2 Nxc3 13. Nb3 Qd8 14. Qxc3 Qg5 15.
g3 Bd7 16. c5 Bc7 17. f4 Qe7 18. Nd2 b6 19. b4 a5 20. Nb3 g5 21. Ra1 a4 22.
cxb6 Bxb6 23. Nd2 e5 24. fxe5 f4 25. Bc2 fxe3 26. Qxe3 Bf5 27. Bxf5 Rxf5 28.
Rf1 Raf8 29. Rxf5 Rxf5 30. Nf3 Bxd4 31. Qxd4 Rxf3 32. Kd2 Qe6 33. Re1 Rxa3 34.
Qb6 Ra2+ 35. Kc3 Ra3+ 36. Kd2 0-1

[Event "1. Bl. 0607"]
[Site "?"]
[Date "2007.03.08"]
[Round "8.1"]
[White "Luther, Thomas"]
[Black "Schlosser, Philipp"]
[Result "1/2-1/2"]
[WhiteElo "2580"]
[BlackElo "2562"]
[PlyCount "42"]
[EventDate "2006.11.03"]
[EventType "team"]
[EventRounds "11"]
[EventCountry "AUT"]
[WhiteTeam "SpG Absam / ISK"]
[BlackTeam "SK Sparkasse Jenbach"]

1. e4 c5 2. Nf3 d6 3. d4 Nf6 4. Nc3 cxd4 5. Nxd4 a6 6. Bg5 e6 7. f4 Nbd7 8. Qf3
Qc7 9. O-O-O b5 10. e5 Bb7 11. Qh3 dxe5 12. Nxe6 fxe6 13. Qxe6+ Be7 14. Bxf6
Nxf6 15. Bxb5+ Kf8 16. fxe5 axb5 17. exf6 Bxf6 18. Rd7 Qf4+ 19. Kb1 Bxc3 20.
bxc3 Re8 21. Qb6 Be4 1/2-1/2

[Event "1. Bl. 0607"]
[Site "?"]
[Date "2007.03.08"]
[Round "8.4"]
[White "Reich, Thomas"]
[Black "Pilz, Dieter"]
[Result "0-1"]
[WhiteElo "2433"]
[BlackElo "2325"]
[PlyCount "120"]
[EventDate "2006.11.03"]
[EventType "team"]
[EventRounds "11"]
[EventCountry "AUT"]
[WhiteTeam "SK Sparkasse Jenbach"]
[BlackTeam "SpG Absam / ISK"]

1. c4 e5 2. g3 Nc6 3. Bg2 Nf6 4. Nc3 a5 5. e3 Bc5 6. Nge2 d6 7. h3 O-O 8. O-O
h6 9. b3 Bf5 10. d3 Re8 11. g4 Bh7 12. Ng3 Bb6 13. a3 Rb8 14. Qd2 Nd7 15. Rb1
Nc5 16. Nce4 Nxe4 17. Nxe4 Ne7 18. Nc3 c6 19. b4 axb4 20. axb4 f5 21. Ba3 fxg4
22. hxg4 Ng6 23. c5 dxc5 24. bxc5 Bc7 25. Be4 Nh4 26. f3 Rf8 27. Qe2 Qg5 28.
Bxh7+ Kxh7 29. Ne4 Qg6 30. Bb4 Rxf3 31. Rxf3 Qxg4+ 32. Kf2 Qg2+ 33. Ke1 Nxf3+
34. Kd1 Qg4 35. Bc3 Rd8 36. Rb4 Qf5 37. Kc2 Ba5 38. Rxb7 Bxc3 39. Kxc3 Ng5 40.
Nxg5+ Qxg5 41. Qf3 Kh8 42. Qe4 Qg1 43. Rb6 Qc1+ 44. Kb4 Qb2+ 45. Kc4 Qc2+ 46.
Kb4 Qb2+ 47. Kc4 Qa2+ 48. Kb4 Ra8 49. Qxc6 Qa3+ 50. Kc4 Ra4+ 51. Kd5 Qxd3+ 52.
Ke6 Qg6+ 53. Kd5 Qf7+ 54. Qe6 Qf3+ 55. Kd6 Ra8 56. Qxe5 Qd1+ 57. Kc7 Qd8+ 58.
Kc6 Rc8+ 59. Kb5 Qd3+ 60. Kb4 Qb1+ 0-1

[Event "1. Bl. 0607"]
[Site "?"]
[Date "2007.03.08"]
[Round "8.5"]
[White "Duer, Werner"]
[Black "Kleissl, Helmut"]
[Result "1/2-1/2"]
[WhiteElo "2265"]
[BlackElo "2311"]
[PlyCount "32"]
[EventDate "2006.11.03"]
[EventType "team"]
[EventRounds "11"]
[EventCountry "AUT"]
[WhiteTeam "SpG Absam / ISK"]
[BlackTeam "SK Sparkasse Jenbach"]

1. d4 d6 2. Nf3 g6 3. e4 Bg7 4. c3 Nf6 5. Bd3 O-O 6. O-O Nc6 7. Na3 e5 8. h3
Re8 9. Re1 h6 10. Nc2 b6 11. Bb5 Bd7 12. d5 Ne7 13. a4 a5 14. Na3 Rf8 15. Bd2
Bc8 16. b4 Nd7 1/2-1/2

[Event "1. Bl. 0607"]
[Site "?"]
[Date "2007.03.08"]
[Round "8.6"]
[White "Hoellrigl, Wilfried"]
[Black "Gerhold, Michael"]
[Result "1-0"]
[WhiteElo "2256"]
[BlackElo "2218"]
[PlyCount "67"]
[EventDate "2006.11.03"]
[EventType "team"]
[EventRounds "11"]
[EventCountry "AUT"]
[WhiteTeam "SK Sparkasse Jenbach"]
[BlackTeam "SpG Absam / ISK"]

1. e4 c5 2. c3 g6 3. d4 cxd4 4. cxd4 d5 5. exd5 Nf6 6. Nc3 Nxd5 7. Bb5+ Bd7 8.
Bc4 Nb6 9. Bb3 Bg7 10. Nf3 O-O 11. O-O Bg4 12. h3 Bxf3 13. Qxf3 Nc6 14. Be3 Qd7
15. Rad1 Nxd4 16. Bxd4 Bxd4 17. Nd5 Nxd5 18. Rxd4 e6 19. Bxd5 exd5 20. Rxd5 Qe6
21. Rfd1 Rae8 22. Qa3 a6 23. Rd7 Qc6 24. Qd6 Qb5 25. b3 Re2 26. Rd5 Re1+ 27.
Kh2 Qf1 28. Qf4 Re2 29. Kg3 Rxa2 30. Rd8 Qa1 31. Rxf8+ Kxf8 32. Rd7 Qc3+ 33.
Kh2 Qxb3 34. Qf6 1-0

[Event "1. Bl. 0607"]
[Site "?"]
[Date "2007.03.08"]
[Round "8.3"]
[White "Baklan, Vladimir"]
[Black "Atlas, Valeri"]
[Result "1-0"]
[WhiteElo "2618"]
[BlackElo "2488"]
[PlyCount "111"]
[EventDate "2006.11.03"]
[EventType "team"]
[EventRounds "11"]
[EventCountry "AUT"]
[WhiteTeam "SpG Holz Dohr   Semriach"]
[BlackTeam "SK Hohenems"]

1. e4 c5 2. Nf3 e6 3. Nc3 d6 4. g3 a6 5. Bg2 b5 6. O-O Bb7 7. d4 cxd4 8. Nxd4
b4 9. Na4 Nd7 10. c3 bxc3 11. Nxc3 Be7 12. Re1 Rb8 13. f4 h5 14. h3 g6 15. Qa4
Kf8 16. Be3 Nc5 17. Qc2 Rc8 18. Rad1 Qc7 19. f5 e5 20. Nb3 Nf6 21. Nxc5 dxc5
22. Nd5 Bxd5 23. exd5 Kg7 24. fxg6 fxg6 25. Qc4 Qd6 26. Bd2 Nd7 27. Bf1 Ra8 28.
Qe4 Raf8 29. Bc3 Rf5 30. h4 Rhf8 31. Bh3 Rf3 32. Bxd7 Qxd7 33. Bxe5+ Kh7 34.
Rf1 Rxf1+ 35. Rxf1 Rxf1+ 36. Kxf1 c4 37. Kg2 Qc8 38. d6 Bd8 39. Qd5 Qd7 40.
Qxc4 Qb7+ 41. Kh2 Qf3 42. Qc2 Qd5 43. Qe2 Qxa2 44. Qf3 Qg8 45. Qb7+ Kh6 46.
Bf4+ g5 47. hxg5+ Bxg5 48. Qe7 Bxf4 49. gxf4 Qb3 50. Qg5+ Kh7 51. Qxh5+ Kg7 52.
Qe5+ Kf7 53. Qe7+ Kg6 54. d7 Qxb2+ 55. Kg3 Qb3+ 56. Kh4 1-0

[Event "1. Bl. 0607"]
[Site "?"]
[Date "2007.03.08"]
[Round "8.4"]
[White "Naumann, Alexander"]
[Black "Freitag, Manfred"]
[Result "1-0"]
[WhiteElo "2549"]
[BlackElo "2402"]
[PlyCount "39"]
[EventDate "2006.11.03"]
[EventType "team"]
[EventRounds "11"]
[EventCountry "AUT"]
[WhiteTeam "SK Hohenems"]
[BlackTeam "SpG Holz Dohr   Semriach"]

1. e4 c5 2. Nf3 d6 3. d4 cxd4 4. Nxd4 Nf6 5. Nc3 a6 6. Bc4 e6 7. Bb3 b5 8. Bg5
Be7 9. Qf3 Qc7 10. e5 Bb7 11. exd6 Bxd6 12. Qe3 O-O 13. O-O-O Be7 14. Bxe6 fxe6
15. Nxe6 Qc8 16. Nxf8 Kxf8 17. Rhe1 Nc6 18. Bxf6 Bxf6 19. Nd5 Ne5 20. Qa3+ 1-0

[Event "1. Bl. 0607"]
[Site "?"]
[Date "2007.03.08"]
[Round "8.5"]
[White "Karner, Christoph"]
[Black "Novkovic, Milan"]
[Result "0-1"]
[WhiteElo "2319"]
[BlackElo "2415"]
[PlyCount "69"]
[EventDate "2006.11.03"]
[EventType "team"]
[EventRounds "11"]
[EventCountry "AUT"]
[WhiteTeam "SpG Holz Dohr   Semriach"]
[BlackTeam "SK Hohenems"]

1. d4 Nf6 2. c4 c5 3. d5 e5 4. Nc3 d6 5. e4 Be7 6. Bd3 Nbd7 7. Nf3 g6 8. h3 h5
9. g3 Kf8 10. Be3 Kg7 11. Qd2 a6 12. a4 b6 13. Ke2 Nf8 14. Rag1 Bd7 15. Ng5
N8h7 16. Nxh7 Rxh7 17. f4 Qc8 18. f5 gxf5 19. exf5 Bxf5 20. Qc2 Bxh3 21. Bxh7
Nxh7 22. Ne4 Bf5 23. g4 hxg4 24. Ke1 Bg6 25. Qg2 Qf5 26. Qxg4 Qxg4 27. Rxg4 b5
28. Ng3 Kh8 29. axb5 axb5 30. cxb5 Rb8 31. Ra4 Kg8 32. Ra7 Bg5 33. Bxg5 Nxg5
34. Ra6 Rxb5 35. Rxd6 0-1

[Event "1. Bl. 0607"]
[Site "?"]
[Date "2007.03.08"]
[Round "8.6"]
[White "Gaertner, Guntram"]
[Black "Watzka, Horst"]
[Result "1-0"]
[WhiteElo "2300"]
[BlackElo "2316"]
[PlyCount "119"]
[EventDate "2006.11.03"]
[EventType "team"]
[EventRounds "11"]
[EventCountry "AUT"]
[WhiteTeam "SK Hohenems"]
[BlackTeam "SpG Holz Dohr   Semriach"]

1. d4 Nf6 2. c4 g6 3. Nc3 d5 4. cxd5 Nxd5 5. Bd2 Bg7 6. e4 Nb6 7. Be3 O-O 8. f4
e6 9. Nf3 N8d7 10. Be2 Nf6 11. Ne5 Nbd7 12. O-O Qe7 13. Nd3 c6 14. Rc1 b6 15.
e5 Ne8 16. Bf3 Bb7 17. Qa4 Nb8 18. Ne4 f6 19. Qb3 Bh6 20. Ndf2 f5 21. Nc3 Nc7
22. g3 g5 23. fxg5 Bxg5 24. Bxg5 Qxg5 25. Ne2 Qe7 26. Nf4 Rd8 27. Rfd1 Kh8 28.
Qe3 Ne8 29. a3 Ng7 30. N2d3 Qd7 31. Nb4 Rc8 32. Qf2 Qd8 33. Qg2 Qd7 34. Kh1 a5
35. Na2 Qd8 36. Nc3 Rc7 37. Qh3 Rd7 38. Qh6 Qe8 39. Bh5 Nxh5 40. Nxh5 Qf7 41.
Nf4 Re7 42. Ng6+ Kg8 43. Nxe7+ Qxe7 44. Kg1 Nd7 45. Ne2 Rd8 46. Nf4 Nf8 47. h4
c5 48. Qg5+ Qxg5 49. hxg5 cxd4 50. Rc4 d3 51. Rxd3 Rxd3 52. Nxd3 Ba6 53. Rd4
Ng6 54. Kf2 Kf7 55. Nf4 Nxe5 56. Rd6 Ng4+ 57. Kg1 Bc4 58. Rxb6 e5 59. Rb7+ Ke8
60. Nh5 1-0

[Event "1. Bl. 0607"]
[Site "?"]
[Date "2007.03.08"]
[Round "8.1"]
[White "Kalod, Radek"]
[Black "Pavasovic, Dusko"]
[Result "1/2-1/2"]
[WhiteElo "2475"]
[BlackElo "2575"]
[PlyCount "89"]
[EventDate "2006.11.03"]
[EventType "team"]
[EventRounds "11"]
[EventCountry "AUT"]
[WhiteTeam "ASVOe Wulkaprodersdorf"]
[BlackTeam "SK KlZtg MPOe Maria Saal"]

1. e4 e5 2. Nf3 Nc6 3. Bb5 a6 4. Ba4 Nf6 5. O-O Be7 6. Re1 b5 7. Bb3 d6 8. c3
O-O 9. d4 Bg4 10. Be3 exd4 11. cxd4 d5 12. e5 Ne4 13. Nc3 Nxc3 14. bxc3 Qd7 15.
h3 Bh5 16. Bc2 Nd8 17. a4 Ne6 18. g4 Bg6 19. Bf5 b4 20. Qd3 c5 21. dxc5 bxc3
22. Qxc3 Rac8 23. Rec1 Bxf5 24. c6 Bxg4 25. hxg4 Qe8 26. Rab1 f5 27. Qd3 Qg6
28. Kh1 Qxg4 29. Qxd5 f4 30. Nh2 Qh3 31. Bb6 Kh8 32. Rb3 Qh6 33. c7 f3 34. Rc4
Qg6 35. Nxf3 Rf4 36. Qd7 Rxc4 37. Qxc8+ Bf8 38. Re3 Qh5+ 39. Kg1 Qg4+ 40. Kf1
Rc1+ 41. Ne1 Qc4+ 42. Kg1 Rxe1+ 43. Rxe1 Qg4+ 44. Kf1 Qh3+ 45. Kg1 1/2-1/2

[Event "1. Bl. 0607"]
[Site "?"]
[Date "2007.03.08"]
[Round "8.3"]
[White "Polzin, Rainer"]
[Black "Bunzmann, Dimitrij"]
[Result "1-0"]
[WhiteElo "2470"]
[BlackElo "2530"]
[PlyCount "97"]
[EventDate "2006.11.03"]
[EventType "team"]
[EventRounds "11"]
[EventCountry "AUT"]
[WhiteTeam "ASVOe Wulkaprodersdorf"]
[BlackTeam "SK KlZtg MPOe Maria Saal"]

1. e4 e6 2. d4 d5 3. Nc3 Bb4 4. e5 c5 5. a3 Bxc3+ 6. bxc3 Ne7 7. Qg4 Qc7 8. Bd3
c4 9. Be2 Nf5 10. Nf3 Qa5 11. Bd2 Nc6 12. Nh4 Nxh4 13. Qxh4 O-O 14. O-O Bd7 15.
Rfe1 f6 16. exf6 Rxf6 17. Bg5 Rg6 18. Bh5 Qxc3 19. Bxg6 hxg6 20. Rad1 Qxc2 21.
Be7 Qf5 22. Bd6 b5 23. Qg3 a5 24. Bc5 e5 25. dxe5 Be6 26. Qc3 Rb8 27. Qa1 Qf7
28. Bd6 Rb7 29. Re3 Qe8 30. Rf3 Ne7 31. h3 b4 32. axb4 axb4 33. Qa6 Qd7 34.
Bxe7 Qxe7 35. Qa8+ Kh7 36. Rf8 g5 37. Rh8+ Kg6 38. Re8 Ra7 39. Rxe7 Rxa8 40.
Rxe6+ Kf5 41. Rb6 b3 42. Rxd5 c3 43. Rc5 b2 44. g4+ Ke4 45. Rxc3 Ra1+ 46. Kg2
b1=Q 47. Rxb1 Rxb1 48. e6 Rb8 49. Rc5 1-0

[Event "1. Bl. 0607"]
[Site "?"]
[Date "2007.03.08"]
[Round "8.5"]
[White "Schweda, Roland"]
[Black "Diermair, Andreas"]
[Result "0-1"]
[WhiteElo "2436"]
[BlackElo "2391"]
[PlyCount "54"]
[EventDate "2006.11.03"]
[EventType "team"]
[EventRounds "11"]
[EventCountry "AUT"]
[WhiteTeam "ASVOe Wulkaprodersdorf"]
[BlackTeam "SK KlZtg MPOe Maria Saal"]

1. d4 Nf6 2. c4 e6 3. Nc3 Bb4 4. e3 O-O 5. Nge2 d5 6. a3 Bd6 7. cxd5 exd5 8.
Ng3 Re8 9. b4 b6 10. Bd3 c5 11. bxc5 bxc5 12. dxc5 Be5 13. Nge2 Nc6 14. Bb5 Bd7
15. Rb1 d4 16. exd4 Nxd4 17. Bxd7 Qxd7 18. O-O Rad8 19. Be3 Nf3+ 20. Kh1 Qe7
21. Qa4 Nxh2 22. Rfd1 Nhg4 23. Rxd8 Rxd8 24. Rd1 Re8 25. c6 Bxc3 26. Nxc3 Qe5
27. Qf4 Qxf4 0-1

[Event "1. Bl. 0607"]
[Site "?"]
[Date "2007.03.08"]
[Round "8.2"]
[White "Siebrecht, Sebastian"]
[Black "Schwaninger, Wolfgang"]
[Result "1-0"]
[WhiteElo "2457"]
[BlackElo "2210"]
[PlyCount "41"]
[EventDate "2006.11.03"]
[EventType "team"]
[EventRounds "11"]
[EventCountry "AUT"]
[WhiteTeam "SK Advisory Invest Baden"]
[BlackTeam "SV Tschaturanga Neubau"]

1. e4 d6 2. d4 g6 3. Nc3 c6 4. h3 d5 5. Nf3 h5 6. Bf4 Bg7 7. Qd2 Nh6 8. O-O-O
dxe4 9. Nxe4 Qd5 10. Nc3 Qa5 11. Bc4 Nd7 12. Kb1 a6 13. Rhe1 e6 14. Bxe6 fxe6
15. Rxe6+ Kf7 16. Ng5+ Kg8 17. Qe2 Qf5 18. Qc4 Nf7 19. Re7 Qxf4 20. Rxf7 Ne5
21. dxe5 1-0

[Event "1. Bl. 0607"]
[Site "?"]
[Date "2007.03.08"]
[Round "8.3"]
[White "Srienz, Christian"]
[Black "Loeffler, Stefan"]
[Result "0-1"]
[WhiteElo "2208"]
[BlackElo "2448"]
[PlyCount "49"]
[EventDate "2006.11.03"]
[EventType "team"]
[EventRounds "11"]
[EventCountry "AUT"]
[WhiteTeam "SV Tschaturanga Neubau"]
[BlackTeam "SK Advisory Invest Baden"]

1. d4 Nf6 2. Nf3 g6 3. Nc3 d5 4. Bf4 Bg7 5. e3 O-O 6. Be2 Bg4 7. h3 Bxf3 8.
Bxf3 c5 9. dxc5 Qa5 10. O-O Rd8 11. Be5 Nbd7 12. Bxf6 Nxf6 13. Qe2 Qxc5 14. Qb5
Rac8 15. Qxc5 Rxc5 16. Rfd1 e6 17. e4 d4 18. Rd2 Nd7 19. Na4 Rcc8 20. Be2 a6
21. c4 Ne5 22. c5 d3 23. Bf1 Rd4 24. f4 Bh6 25. Rf2 0-1

[Event "1. Bl. 0607"]
[Site "?"]
[Date "2007.03.08"]
[Round "8.4"]
[White "Lendwai, Reinhard"]
[Black "Lenz, Alarich"]
[Result "1-0"]
[WhiteElo "2428"]
[BlackElo "2213"]
[PlyCount "103"]
[EventDate "2006.11.03"]
[EventType "team"]
[EventRounds "11"]
[EventCountry "AUT"]
[WhiteTeam "SK Advisory Invest Baden"]
[BlackTeam "SV Tschaturanga Neubau"]

1. e4 e6 2. d4 d5 3. Nc3 Bb4 4. exd5 exd5 5. Bd3 Nf6 6. Bg5 O-O 7. Nge2 Nbd7 8.
O-O c6 9. Ng3 Re8 10. Nf5 Nf8 11. Qf3 Bxf5 12. Qxf5 N8d7 13. Nd1 h6 14. Bf4 Qe7
15. Qh3 Bd6 16. Bc1 Nf8 17. Ne3 Qc7 18. g3 Ne4 19. Nf5 Re6 20. f3 Ng5 21. Qg2
Rae8 22. Bd2 Nd7 23. Nxd6 Qxd6 24. h4 Nh7 25. Rae1 Nb6 26. b3 Qa3 27. Qf2 Rxe1
28. Rxe1 Qf8 29. a4 Nf6 30. Kg2 Nbd7 31. g4 Rxe1 32. Qxe1 Qd6 33. Qg3 Qxg3+ 34.
Kxg3 b6 35. b4 Kf8 36. Ba6 Ke7 37. Bf4 Ne8 38. Bb7 c5 39. dxc5 bxc5 40. b5 Nd6
41. Bxd5 Nb6 42. Bxd6+ Kxd6 43. Bxf7 Nxa4 44. Kf4 Nc3 45. Bc4 Nd5+ 46. Ke4 Nb6
47. Bg8 Nd7 48. Kf5 Ke7 49. Ba2 Nb6 50. Ke5 Kd7 51. f4 Ke7 52. Be6 1-0

[Event "1. Bl. 0607"]
[Site "?"]
[Date "2007.03.08"]
[Round "8.1"]
[White "Gyimesi, Zoltan"]
[Black "Bokros, Albert"]
[Result "1/2-1/2"]
[WhiteElo "2611"]
[BlackElo "2465"]
[PlyCount "55"]
[EventDate "2006.11.03"]
[EventType "team"]
[EventRounds "11"]
[EventCountry "AUT"]
[WhiteTeam "Union Ansfelden"]
[BlackTeam "SK Leoben"]

1. d4 d5 2. c4 e6 3. Nf3 Nf6 4. Nc3 Bb4 5. cxd5 exd5 6. Bg5 h6 7. Bh4 c5 8. e3
Nc6 9. Bb5 O-O 10. dxc5 Bxc3+ 11. bxc3 Qa5 12. Bxc6 Qxc3+ 13. Nd2 bxc6 14. Rc1
Qe5 15. Nf3 Qb2 16. O-O Ne4 17. Rc2 Qa3 18. Nd4 Bd7 19. Qc1 Qa4 20. f3 Ng5 21.
Bg3 Rfe8 22. Qd2 Ne6 23. Nb3 Nf8 24. Rfc1 Ng6 25. Kf2 Qa6 26. Bd6 f6 27. f4 Nh4
28. Nd4 1/2-1/2

[Event "1. Bl. 0607"]
[Site "?"]
[Date "2007.03.08"]
[Round "8.2"]
[White "Horvath, Peter"]
[Black "Ftacnik, Lubomir"]
[Result "0-1"]
[WhiteElo "2451"]
[BlackElo "2582"]
[PlyCount "88"]
[EventDate "2006.11.03"]
[EventType "team"]
[EventRounds "11"]
[EventCountry "AUT"]
[WhiteTeam "SK Leoben"]
[BlackTeam "Union Ansfelden"]

1. d4 Nf6 2. c4 g6 3. g3 Bg7 4. Bg2 d5 5. cxd5 Nxd5 6. e4 Nb4 7. a3 N4c6 8. d5
Nd4 9. Ne2 Bg4 10. Nbc3 c6 11. O-O Nxe2+ 12. Nxe2 O-O 13. h3 Bd7 14. Nf4 Na6
15. Re1 cxd5 16. exd5 Nc5 17. a4 Rc8 18. Ra3 Nxa4 19. Rxa4 Rxc1 20. Qxc1 Bxa4
21. Qc5 a5 22. Rxe7 b6 23. Qe3 Bxb2 24. Nd3 Bf6 25. Rb7 Bc2 26. Nf4 a4 27. Rxb6
Bb3 28. Rb7 Re8 29. Qc5 Be5 30. Nd3 Bd6 31. Qb5 Re7 32. Rb6 Bc2 33. Rc6 Bxd3
34. Qxd3 a3 35. Qc2 Re1+ 36. Kh2 Qf6 37. Qd2 Rb1 38. Rc2 Kg7 39. Be4 Qe5 40.
Bf3 h5 41. h4 Rb2 42. Rxb2 axb2 43. Qc2 f5 44. Kg2 Qd4 0-1

[Event "1. Bl. 0607"]
[Site "?"]
[Date "2007.03.08"]
[Round "8.4"]
[White "Schein, Karl Heinz"]
[Black "Weiss, Christian"]
[Result "0-1"]
[WhiteElo "2241"]
[BlackElo "2469"]
[PlyCount "124"]
[EventDate "2006.11.03"]
[EventType "team"]
[EventRounds "11"]
[EventCountry "AUT"]
[WhiteTeam "SK Leoben"]
[BlackTeam "Union Ansfelden"]

1. d4 Nf6 2. c4 c5 3. d5 b5 4. cxb5 a6 5. bxa6 g6 6. Nc3 Bxa6 7. Nf3 Bg7 8. g3
O-O 9. Bh3 d6 10. O-O Nbd7 11. Qc2 Ne8 12. Rd1 Nc7 13. Rb1 Nb6 14. e4 e6 15.
Bg5 f6 16. Be3 exd5 17. Nxd5 Ncxd5 18. Be6+ Kh8 19. exd5 Nc4 20. Bc1 Qa5 21. b4
cxb4 22. Rd4 Qc5 23. Rh4 Ne5 24. Qe4 Nxf3+ 25. Qxf3 Qc2 26. Rhxb4 Qxa2 27. Bf4
Rfd8 28. Qd1 Bc8 29. R4b2 Qa7 30. Qd2 Qe7 31. Bxc8 Raxc8 32. Rb7 Rc7 33. Rxc7
Qxc7 34. Rc1 Qb8 35. Re1 g5 36. Be3 Qb5 37. f4 h6 38. f5 Ra8 39. Bf2 Ra5 40.
Rd1 Kh7 41. Qc3 Ra2 42. Qf3 Qb2 43. Re1 Qc2 44. g4 h5 45. h3 Ra4 46. Qe3 Ra2
47. Rc1 Qa4 48. Qd4 Qb3 49. Qc4 Qb2 50. Rf1 Ra3 51. Qe4 Rxh3 52. Qe8 Qe5 53.
Qxe5 fxe5 54. gxh5 Rd3 55. Rb1 Kh6 56. Rb7 e4 57. Re7 Be5 58. f6 Kxh5 59. f7
Rf3 60. Kg2 Kg6 61. Rb7 Rxf7 62. Rb4 Kf5 0-1

[Event "1. Bl. 0607"]
[Site "?"]
[Date "2007.03.08"]
[Round "8.6"]
[White "Strallhofer, Hermann"]
[Black "Knoll, Hermann"]
[Result "0-1"]
[WhiteElo "2106"]
[BlackElo "2409"]
[PlyCount "84"]
[EventDate "2006.11.03"]
[EventType "team"]
[EventRounds "11"]
[EventCountry "AUT"]
[WhiteTeam "SK Leoben"]
[BlackTeam "Union Ansfelden"]

1. e4 c5 2. Nf3 d6 3. d4 cxd4 4. Nxd4 Nf6 5. Nc3 a6 6. Be2 e5 7. Nb3 Be7 8. O-O
Be6 9. f4 Qc7 10. Be3 Nbd7 11. f5 Bc4 12. Bxc4 Qxc4 13. Qd3 Rc8 14. Rad1 O-O
15. Rf3 b5 16. a3 Rfd8 17. h3 Qc7 18. Qe2 Nb6 19. Bxb6 Qxb6+ 20. Qe3 Qb7 21.
Kh2 Rxc3 22. Qxc3 Nxe4 23. Qe1 Bg5 24. Na5 Qa8 25. c4 h5 26. b4 bxc4 27. Nxc4
Qc6 28. Ne3 Nf6 29. Rc1 Qb7 30. Rd1 d5 31. Qg3 Qe7 32. Kh1 Ne4 33. Qe1 Qb7 34.
f6 Bxf6 35. Rxf6 Nxf6 36. Qh4 Qb6 37. Nf5 g6 38. Qg5 Ne4 39. Ne7+ Kh7 40. Qxe5
Nf2+ 41. Kh2 Nxd1 42. Nxd5 Qd6 0-1